000 00287nam a2200133Ia 4500
100 _aShanley/Tom
942 _cBK
654 _aComputer
245 _aPower PC Systems Architecture
260 _bAddison Wesly
_aNew Delhi
_c1995
300 _a609
546 _aENGLISH
999 _c21768
_d21768